01005nam a2200205 a 450000100100000000500170001000800410002702000150006804000250008310000450010824501380015326000720029130000230036350400320038671000600041871000940047895201050057295201050067799900170078200004124520201002034726.0130930s2005 sp 000 0 spa d a8400079205 aDO-SdBNPbspacBNPHU1 aSánchez Román, José Antonio96762410aLa Dulce crisis :bestado, empresarios e industria azucarera en Tucumán, Argentina (1853-1914) /cJosé Antonio Sánchez Román. aMadrid :bConsejo Superior de Investigaciones Científicas,c2005. a383 p. : ;c24 cm. aBibliografía : p. 367-3832 aConsejo Superior de Investigaciones Científicas947862 aEscuela de Estudios Hispano-Americanos (Sevilla, Andalusia) Universidad de Sevilla967834 001050718MOaGRbGRcCTd2013-09-27iLF1l0o p41245-10r2020-06-25w2020-06-25y1ZNo se presta 001050718MOaGRbGRcCTd2013-09-27iLF1l0o p41245-20r2020-06-25w2020-06-25y1ZNo se presta c40735d40735